书目信息 |
| 题名: |
土建制图
|
|
| 作者: | 陈玉华 主编 | |
| 分册: | ||
| 出版信息: | 上海 同济大学出版社 1991.11 |
|
| 页数: | 240页 | |
| 开本: | 16开 | |
| 丛书名: | ||
| 单 册: | ||
| 中图分类: | ||
| 科图分类: | ||
| 主题词: | 建筑设计 | |
| 电子资源: | ||
| ISBN: | 7-5608-0829-8 | |
| 000 | 00569nam0 2200205 45 | |
| 001 | 9909141755 | |
| 005 | 20000928054150.7 | |
| 010 | @a7-5608-0829-8@d18.00元 | |
| 100 | @a19990914d1991 km y0chiy0120 ea | |
| 101 | @achi | |
| 105 | @a z 000yy | |
| 200 | 1 | @a土建制图@ATu Jian Zhi Tu@f陈玉华,王德芳主编@FChenYu Hua,Wang De Fang Zhu Bian |
| 210 | @a上海@c同济大学出版社@d1991.11 | |
| 215 | @a240页@d16开 | |
| 606 | 0 | @a建筑设计 |
| 690 | @v3 | |
| 690 | @aTU204@v3 | |
| 701 | @a陈玉华@4主编 | |
| 801 | @aCN@bPFTUser@c19990914 | |
| 905 | @dTU204@eCH335@b404058-062@f5 | |
| 土建制图/陈玉华,王德芳主编.-上海:同济大学出版社,1991.11 |
| 240页;16开 |
| ISBN 7-5608-0829-8:18.00元 |
| ● |
| 相关链接 |
|
|
|
正题名:土建制图
索取号:TU204/CH335
 
预约/预借
| 序号 | 登录号 | 条形码 | 馆藏地/架位号 | 状态 | 备注 |
| 1 | 404058 | 204040581 | 自科二线504/404自科库 13排6列2层/ [索取号:TU204/CH335] | 在馆 | |
| 2 | 404059 | 204040590 | 自科二线504/404自科库 13排6列2层/ [索取号:TU204/CH335] | 在馆 | |
| 3 | 404060 | 204040607 | 自科二线404/404自科库 13排6列2层/ [索取号:TU204/CH335] | 在馆 | |
| 4 | 404061 | 204040616 | 建筑库101/101建筑库 108排1列3层/ [索取号:TU204/CH335] | 在馆 | |
| 5 | 404062 | 204040625 | 自科二线404/404自科库 13排6列2层/ [索取号:TU204/CH335] | 在馆 |